Pokemon de A-Z Gen 4 - Statistiques

Statistiques générales
  • Ce quiz a été pris 54 fois
  • Le résultat moyen est 13 sur 17
Statistiques - réponses
Lettre Type 1 Type 2 Stage Réponse % Correct
L Électrik X 2/3 Luxio
86%
Y Insecte Vol 2/2 Yanmega
86%
A Acier Psy 2/2 Archéodong
84%
H Feu Acier 1/1 Heatran
84%
M Glace Sol 3/3 Mammochon
84%
O Feu X 1/3 Ouisticram
84%
P Eau Dragon 1/1 Palkia
84%
V Plante X 1/1 Vortente
82%
S Spectre Ténèbres 1/1 Spiritomb
80%
N Spectre X 3/3 Noctunoir
77%
D Poison Ténèbres 2/2 Drascore
73%
R Combat X 1/2 Riolu
68%
T Roche Acier 2/2 Tarinorme
68%
B Eau Vol 1/2 Babimanta
64%
C Insecte X 1/2 Crikzik
64%
K Psy X 1/2 Korillon
59%
G Normal X 1/2 Goinfrex
45%
Aucun quiz correspondant
Distribution des résultats
% des personnes avec chaque résultat
Percentile par nombre de réponses
Votre historique - résultats
Vous n’avez pas pris ce quiz